000 00805nam a2200205 i 4500
001 161784
003 ES-MaACL
005 20240301063057.0
008 041026s1891 sp |||| | spa d
040 _aCAM
_bspa
_cCAM
100 1 _aPérez de Guzmán y Gallo, Juan,
_d1841-1928
_990777
245 1 0 _aGrupo de Daoíz y Velarde /
_cpor Juan Pérez de Guzmán.
260 _aMadrid :
_b[s.n.],
_c1891 (
_fImprenta del Cuerpo de Artillería)
300 _a16 p. ;
_c22 cm.
594 _aPrecede al tit.: Memorial de Artilleria.
651 4 _aMadrid-
_xHistoria-
_y1808, Dos de mayo.
_9150501
651 4 _aEspaña-
_xHistoria-
_y1808-1814, Guerra de la Independencia
_98244
852 _aES-MaACL
_jT-555-F-2
_z-- Enc. hol. conservando la cub. original
_z-- Enc. en un vol. facticio
999 _c161784
_d161784